01020cam a2200277 i 4500001001000000003000900010005001700019007000300036008004100039040003000080082002900110100005100139245006000190250002200250264005800272300002800330336002700358337003300385338002800418490004200446650002100488650005500509942001400564952014700578999001700725000012985DO-SdBNP20240826111306.0ta810401s1980 ck 000 0 spa  aDO-SdBNPbspacBNPHUerda 4a362.295bC419n, 19802221 aCervantes Angulo, José,d1945-929935eautor13aLa noche de las luciernagas /cJosé Cervantes Angulo. aSegunda edición aBogotá, (Colombia) :bEditora Plaza & Janes,c1980. a313 páginas ;c19 cm. 2rdacontentatextobtxt 2rdamediaasin mediaciónbn 2rdacarrieravolumenbnc1 aNarrativa colombianaaLibro documento 4aMarihuana929936 4aControl de drogas y narcóticoszColombia.929937 2ddccLBS1 00102ddc56708GRaBNPHUbBNPHUcCTd2009-11-18l0oBNPHU GR 362.295 C419n, 1980p12985-10r2020-06-25w2020-06-25yLBS1ZPréstamo interno c12632d12632